<?xml version="1.0" encoding="UTF-8"?>
<record
    xmlns:xsi="http://www.w3.org/2001/XMLSchema-instance"
    xsi:schemaLocation="http://www.loc.gov/MARC21/slim http://www.loc.gov/standards/marcxml/schema/MARC21slim.xsd"
    xmlns="http://www.loc.gov/MARC21/slim">

  <leader>00973nam a22002657a 4500</leader>
  <controlfield tag="005">20170124105926.0</controlfield>
  <datafield tag="010" ind1=" " ind2=" ">
    <subfield code="a">A-899702</subfield>
  </datafield>
  <datafield tag="020" ind1=" " ind2=" ">
    <subfield code="c">465.00</subfield>
    <subfield code="a">8172245580</subfield>
  </datafield>
  <datafield tag="035" ind1=" " ind2=" ">
    <subfield code="a">A-899702</subfield>
  </datafield>
  <datafield tag="037" ind1=" " ind2=" ">
    <subfield code="b">Cen Lib/Ret</subfield>
  </datafield>
  <datafield tag="040" ind1=" " ind2=" ">
    <subfield code="a">DPL</subfield>
    <subfield code="b">EN</subfield>
  </datafield>
  <datafield tag="082" ind1=" " ind2=" ">
    <subfield code="a">020.68</subfield>
    <subfield code="b">BRO</subfield>
  </datafield>
  <datafield tag="100" ind1=" " ind2=" ">
    <subfield code="a">Brophy, Peter</subfield>
    <subfield code="9">6344</subfield>
  </datafield>
  <datafield tag="245" ind1=" " ind2=" ">
    <subfield code="a">Quality management for information and library managers /</subfield>
    <subfield code="c">by Peter Brophy [and] Kate Coulling</subfield>
  </datafield>
  <datafield tag="260" ind1=" " ind2=" ">
    <subfield code="a">Mumbai</subfield>
    <subfield code="b">Jaico Publishing House</subfield>
    <subfield code="c">1997</subfield>
  </datafield>
  <datafield tag="270" ind1=" " ind2=" ">
    <subfield code="b">Mumbai</subfield>
    <subfield code="a">121, M. G. Road</subfield>
    <subfield code="e">400023</subfield>
  </datafield>
  <datafield tag="300" ind1=" " ind2=" ">
    <subfield code="a">ix,196p.</subfield>
    <subfield code="c">24cm(Hb)</subfield>
  </datafield>
  <datafield tag="500" ind1=" " ind2=" ">
    <subfield code="a">Includes bibliographical references and  index</subfield>
  </datafield>
  <datafield tag="650" ind1=" " ind2=" ">
    <subfield code="a">Library administration -- Great Britain</subfield>
    <subfield code="9">73057</subfield>
  </datafield>
  <datafield tag="650" ind1=" " ind2=" ">
    <subfield code="a">Total quality management -- Great Britain</subfield>
    <subfield code="9">73058</subfield>
  </datafield>
  <datafield tag="650" ind1=" " ind2=" ">
    <subfield code="a">&#x932;&#x93E;&#x907;&#x92C;&#x94D;&#x930;&#x947;&#x930;&#x940; &#x92A;&#x94D;&#x930;&#x936;&#x93E;&#x938;&#x928;</subfield>
    <subfield code="9">73059</subfield>
  </datafield>
  <datafield tag="650" ind1=" " ind2=" ">
    <subfield code="a">&#x915;&#x941;&#x932; &#x917;&#x941;&#x923;&#x935;&#x924;&#x94D;&#x924;&#x93E; &#x92A;&#x94D;&#x930;&#x92C;&#x902;&#x927;&#x928;</subfield>
    <subfield code="9">6347</subfield>
  </datafield>
  <datafield tag="700" ind1=" " ind2=" ">
    <subfield code="a">Coulling, Kate </subfield>
    <subfield code="9">6348</subfield>
  </datafield>
  <datafield tag="942" ind1=" " ind2=" ">
    <subfield code="2">ddc</subfield>
    <subfield code="c">EN</subfield>
    <subfield code="h">020.68</subfield>
    <subfield code="m">BRO</subfield>
  </datafield>
  <datafield tag="999" ind1=" " ind2=" ">
    <subfield code="c">123476</subfield>
    <subfield code="d">123476</subfield>
  </datafield>
  <datafield tag="952" ind1=" " ind2=" ">
    <subfield code="0">0</subfield>
    <subfield code="1">0</subfield>
    <subfield code="4">0</subfield>
    <subfield code="7">1</subfield>
    <subfield code="8">REF</subfield>
    <subfield code="a">L</subfield>
    <subfield code="b">L</subfield>
    <subfield code="d">2015-06-06</subfield>
    <subfield code="e">Cen Lib/Ret</subfield>
    <subfield code="g">465.00</subfield>
    <subfield code="l">0</subfield>
    <subfield code="o">020.68 BRO</subfield>
    <subfield code="p">A-899702</subfield>
    <subfield code="r">2015-06-06 00:00:00</subfield>
    <subfield code="t">1</subfield>
    <subfield code="v">465.00</subfield>
    <subfield code="w">2015-06-06</subfield>
    <subfield code="y">EN</subfield>
  </datafield>
</record>
